000 00398nam a2200181Ia 4500
001 718
005 20260306140538.0
008 260306t2020||||xx |||||||||||||| ||spa||
041 _aESP
082 _a144
_bB81
100 _aBraidotti, Rosi
_eAUT
245 0 _aLo posthumano
260 _c2020
300 _a252 páginas :
_c22 cm.
650 _aGEN
654 _aCHU
942 _cLIB
_dJUS
_fJUS
_2ddc
_n
999 _c718
_d718